CATERING HOSPITALITY INDUSTRY AND TOURISM MANAGEMENT (Record no. 216238)

MARC details
000 -LEADER
fixed length control field 00450nam a22001577a 4500
008 - FIXED-LENGTH DATA ELEMENTS--GENERAL INFORMATION
fixed length control field 251120b |||||||| |||| 00| 0 eng d
020 ## - INTERNATIONAL STANDARD BOOK NUMBER
International Standard Book Number 979-8-88715-118-2
100 ## - MAIN ENTRY--PERSONAL NAME
Personal name NORRIS, ELSA
245 ## - TITLE STATEMENT
Title CATERING HOSPITALITY INDUSTRY AND TOURISM MANAGEMENT
260 ## - PUBLICATION, DISTRIBUTION, ETC.
Place of publication, distribution, etc. DUBLIN, OH
Name of publisher, distributor, etc. ORYSON, PRESS
Date of publication, distribution, etc. 2023
300 ## - PHYSICAL DESCRIPTION
Extent VIII, 298P.
500 ## - GENERAL NOTE
General note INCLUDES INDEX
650 ## - SUBJECT ADDED ENTRY
Topical term or geographic name entry element HOSPITALITY INDUSTRY-MANAGEMENT
942 ## - ADDED ENTRY ELEMENTS (KOHA)
Source of classification or shelving scheme Library of Congress Classification
Koha item type Long Loan Book
Holdings
Withdrawn status Lost status Source of classification or shelving scheme Damaged status Not for loan Collection Home library Current library Date acquired Inventory number Total checkouts Full call number Barcode Date last seen Copy number Price effective from Koha item type
    Library of Congress Classification     Science & Technology Kisii University Library Kisii University Library 11/20/2025 109938   TX 911.3 .N67 2023 000000000948 11/20/2025 1 11/20/2025 Long Loan Book
    Library of Congress Classification     Science & Technology Kisii University Library Kisii University Library 11/20/2025 109939   TX 911.3 .N67 2023 000000000741 11/20/2025 2 11/20/2025 Long Loan Book
    Library of Congress Classification     Science & Technology Kisii University Library Kisii University Library 11/20/2025 109940   TX 911.3 .N67 2023 000000000742 11/20/2025 3 11/20/2025 Long Loan Book